RESEARCH IN LIBRARY SCIENCE (Record no. 1934)

MARC details
000 -LEADER
fixed length control field 00456nam a2200193 4500
001 - CONTROL NUMBER
control field 1934
005 - DATE AND TIME OF LATEST TRANSACTION
control field 20260410055601.0
008 - FIXED-LENGTH DATA ELEMENTS--GENERAL INFORMATION
fixed length control field 0
020 ## - INTERNATIONAL STANDARD BOOK NUMBER
International Standard Book Number 87654321765
040 ## - CATALOGING SOURCE
Transcribing agency 0
082 ## - DEWEY DECIMAL CLASSIFICATION NUMBER
Classification number 920.5
100 ## - MAIN ENTRY--PERSONAL NAME
Personal name rrANGANATHAN, S.R.
245 ## - TITLE STATEMENT
Title RESEARCH IN LIBRARY SCIENCE
Statement of responsibility, etc. RANGANATHAN,S.R.
250 ## - EDITION STATEMENT
Edition statement SECOND EDITION
260 ## - PUBLICATION, DISTRIBUTION, ETC.
Place of publication, distribution, etc. NEW DELHI
Name of publisher, distributor, etc. GOPI PUBLISHERS
Date of publication, distribution, etc. 2026
300 ## - PHYSICAL DESCRIPTION
Dimensions 300P. 260 RS.12 CMS
650 ## - SUBJECT ADDED ENTRY--TOPICAL TERM
Topical term or geographic name entry element RESEARCH, INDIA
942 ## - ADDED ENTRY ELEMENTS (KOHA)
Source of classification or shelving scheme Dewey Decimal Classification
Koha item type BOOKS
Suppress in OPAC No

No items available.